Every man in his humour : A comedy. By Ben Jonson. As altered by David Garrick, Esq. Adapted for theatrical representation, as performed at the Theatre-Royal, Covent-Garden. Regulated from the prompt-book, by permission of the managers. ...

Bibliographic Details
Main Author: Jonson, Ben, 1573?-1637
Format: eBook
Language:English
Series:Eighteenth century collections online.
Online Access:Full text online

MARC

Tag First Indicator Second Indicator Subfields
LEADER 00000cam a2200000 4500
001 in00001891713
006 m | d |
007 cr |n||||||||n
008 850401s1791 enk|||| s 00||||eng d
005 20260414181701.8
035 |a (CStRLIN)ESTCN16652 
040 |a Cu-RivES  |c Cu-RivES  |d CStRLIN  |d Thomson Gale  |d UtOrBLW 
100 1 |a Jonson, Ben,  |d 1573?-1637. 
245 1 0 |a Every man in his humour :  |b A comedy. By Ben Jonson. As altered by David Garrick, Esq. Adapted for theatrical representation, as performed at the Theatre-Royal, Covent-Garden. Regulated from the prompt-book, by permission of the managers. ... 
246 3 |a Every man in his humor 
264 3 |a London :  |b printed for the proprietors, under the direction of John Bell,  |c 1791. 
300 |a 112p., plate ;  |c 12⁰. 
336 |a text  |b txt  |2 rdacontent 
337 |a computer  |b c  |2 rdamedia 
338 |a online resource  |b cr  |2 rdacarrier 
500 |a Also issued as: 'Bell's British theatre', London 1797, volume4. 
500 |a With an additional titlepage, engraved. 
500 |a Reproduction of original from the Bodleian Library (Oxford). 
510 4 |a English Short Title Catalog,  |c ESTCN16652. 
533 |a Electronic reproduction.  |b Farmington Hills, Mich. :  |c Thomson Gale,  |d 2003.  |n Available via the World Wide Web.  |n Access limited by licensing agreements  |7 s2003 miunns 
500 |a Electronic resource. 
830 0 |a Eighteenth century collections online. 
856 4 0 |u http://proxy.library.tamu.edu/login?url=https://galenet.galegroup.com/servlet/ECCO?c=1&stp=Author&ste=11&af=BN&ae=N016652&tiPG=1&dd=0&dc=flc&docNum=CW106648950&vrsn=1.0&srchtp=a&d4=0.33&n=10&SU=0LRL+OR+0LRI&locID=txshracd2898  |z Full text online  |t 0 
999 |a MARS 
999 f f |s 62eedd4a-f381-3c03-ade4-fd607b76a613  |i a6660b2b-241b-3afb-bf93-9ed9ed4cb340  |t 0 
952 f f |a Texas A&M University  |b College Station  |c Electronic Resources  |s www_evans  |d Available Online  |t 0  |h No information provided 
998 f f |t 0  |l Available Online